Dietrich Bonhoeffer : (Record no. 29687)
[ view plain ]
| 000 -LEADER | |
|---|---|
| fixed length control field | 00841nam a2200205 4500 |
| 008 - FIXED-LENGTH DATA ELEMENTS--GENERAL INFORMATION | |
| fixed length control field | 070726s2006 cc a b 000 0bchi |
| 020 ## - INTERNATIONAL STANDARD BOOK NUMBER | |
| International Standard Book Number | 9787220072963 :RMB20/16/Php102.40 |
| 090 ## - LOCALLY ASSIGNED LC-TYPE CALL NUMBER (OCLC); LOCAL CALL NUMBER (OCLC) | |
| Classification number (OCLC) (R) ; Classification number, CALL (RLIN) (NR) | BX4827.B57 |
| Local cutter number (OCLC) ; Book number/undivided call number, CALL (RLIN) | W72 |
| -- | 2006 |
| 100 1# - MAIN ENTRY--PERSONAL NAME | |
| Personal name | Wind, Renate, |
| Dates associated with a name | 1950- |
| 240 10 - UNIFORM TITLE | |
| Uniform title | Dem Rad in die Speichen fallen. |
| Language of a work | Chinese |
| 245 10 - TITLE STATEMENT | |
| Title | Dietrich Bonhoeffer : |
| Remainder of title | a spoke in the wheel {ch} / |
| Statement of responsibility, etc | Renate Wind ; translated by John Bowden. |
| 260 ## - PUBLICATION, DISTRIBUTION, ETC. (IMPRINT) | |
| Place of publication, distribution, etc | Chengdu : |
| Name of publisher, distributor, etc | Sichuan People's Publishing Agency, |
| Date of publication, distribution, etc | 2006. |
| 300 ## - PHYSICAL DESCRIPTION | |
| Extent | 6, 211 p. : |
| Other physical details | ill. |
| 500 ## - GENERAL NOTE | |
| General note | Translation of: Dem Rad in die Speichen fallen. |
| 504 ## - BIBLIOGRAPHY, ETC. NOTE | |
| Bibliography, etc | Includes bibliographical references. |
| 600 14 - SUBJECT ADDED ENTRY--PERSONAL NAME | |
| Personal name | Bonhoeffer, Dietrich, |
| Dates associated with a name | 1906-1945 {ch}. |
| 650 #4 - SUBJECT ADDED ENTRY--TOPICAL TERM | |
| Topical term or geographic name as entry element | Theologians |
| Geographic subdivision | Germany |
| General subdivision | Biography {ch}. |
| 951 ## - EQUIVALENCE OR CROSS-REFERENCE-GEOGRAPHIC NAME/AREA NAME [OBSOLETE] [CAN/MARC only] | |
| General subdivision | 00035252 |
| 951 ## - EQUIVALENCE OR CROSS-REFERENCE-GEOGRAPHIC NAME/AREA NAME [OBSOLETE] [CAN/MARC only] | |
| -- | C-8573 |
| -- | CHBX4827.B57/W72/2006 |
| -- | 070726151709921 |
| -- | 2000-12-21 |
| -- | CH |
| Withdrawn status | Lost status | Damaged status | Not for loan | Home library | Current library | Shelving location | Date acquired | Accession number | Shelving control number | Total Checkouts | Full call number | Barcode | Date last seen | Price effective from | Koha item type |
|---|---|---|---|---|---|---|---|---|---|---|---|---|---|---|---|
| BSOP Library | BSOP Library | Chinese Books (General Circulation) | 12/21/2000 | C-8573 | 127 | CHBX4827.B57/W72/2006 | 00035252 | 02/23/2013 | 02/23/2013 | Books |
